Picasso i la ceràmica. (Record no. 438)

MARC details
000 -CABECERA
campo de control de longitud fija 00652nam a2200181 a 4500
001 - NÚMERO DE CONTROL
campo de control BRCA_505
005 - FECHA Y HORA DE LA ÚLTIMA TRANSACCIÓN
campo de control 20190320203034.0
008 - DATOS DE LONGITUD FIJA--INFORMACIÓN GENERAL
campo de control de longitud fija 110408s2006----sp-a---###---#000-0#spa-#
050 #4 - SIGNATURA TOPOGRÁFICA DE LA BIBLIOTECA DEL CONGRESO
Número de clasificación NK4605.5.S6
Número de documento/Ítem .P53 2006
245 10 - MENCIÓN DE TÍTULO
Título Picasso i la ceràmica.
260 ## - PUBLICACIÓN, DISTRIBUCIÓN, ETC.
Lugar de publicación, distribución, etc. Barcelona
Nombre del editor, distribuidor, etc. Museu de Ceràmica de l´Institut de Cultura de Barcelona : Adjuntament de Barcelona
Fecha de publicación, distribución, etc. 2006
300 ## - DESCRIPCIÓN FÍSICA
Extensión 51 p.
Otras características físicas il.
Dimensiones 29 cm.
500 ## - NOTA GENERAL
Nota general En la cubierta: Cicle de conferències, maig 2006
504 ## - NOTA DE BIBLIOGRAFÍA, ETC.
Nota de bibliografía, etc. Bibliografía: p. 51
600 14 - PUNTO DE ACCESO ADICIONAL DE MATERIA--NOMBRE DE PERSONA
Nombre de persona Picasso, Pablo
Fechas asociadas al nombre 1881-1973
Subdivisión general Influencia en la cerámica
9 (RLIN) 1733
650 14 - PUNTO DE ACCESO ADICIONAL DE MATERIA--TÉRMINO DE MATERIA
Término de materia o nombre geográfico como elemento de entrada Cerámica
Subdivisión general Decoración
Subdivisión cronológica Siglo XX
Subdivisión geográfica España
9 (RLIN) 1734
942 ## - ELEMENTOS DE PUNTO DE ACCESO ADICIONAL (KOHA)
Fuente del sistema de clasificación o colocación Library of Congress Classification
Tipo de ítem Koha Libros
Holdings
Estado de retiro Estado de pérdida Estado dañado No para préstamo Localización permanente Ubicación/localización actual Fecha de adquisición Total de préstamos Signatura topográfica completa Código de barras Fecha visto por última vez Precio válido a partir de Tipo de ítem Koha
El ejemplar forma parte de la colección y puede ser consultado según las políticas vigentes.       Biblioteca del Museo Franz Mayer (Rogerio Casas-Alatriste) Biblioteca del Museo Franz Mayer (Rogerio Casas-Alatriste) 25/06/2008   NK4605.5.S6 .P53 2006 00805 22/03/2019 22/03/2019 Libros